MARC
| LEADER | 00000cam a2200000 7i4500 | ||
|---|---|---|---|
| 001 | 0000001554 | ||
| 002 | 000001700 | ||
| 005 | 20000330.0 | ||
| 020 | |a 9837400250 | ||
| 090 | 0 | 0 | |a JF |b ADI |
| 100 | 0 | |a Adibah Amin | |
| 245 | 1 | 0 | |a Jangan tebang pokok saya |c Adibah Amin |
| 260 | |a Petaling Jaya : |b Longman , |c 1993 | ||
| 300 | |a 22p. : |b ill ; |c 24cm. | ||
| 490 | 0 | |a Cempaka | |
| 650 | 0 | 0 | |a Children's stories |
| 999 | |a 034185 |b BUKU |c PINJAMAN |e PERPUSTAKAAN KOMUNITI PETALING JAYA | ||
| 999 | |a 034186 |b BUKU |c PINJAMAN |e PERPUSTAKAAN KOMUNITI PETALING JAYA | ||